Представление документа в формате RUSMARC

ПолеНазваниеЗначение
  Тип записи a
  Библиографический уровень a
001 Контрольный номер RU/УОНБ/EK_Kray/630955367
005 Дата корректировки 20240131004854.0
100 Данные общей обработки __
a Данные общей обработки 20191229d2019 ||| 0rusy0189 ca
101 Язык документа 0_
a Язык текста rus
102 Страна публикации __
a Страна публикации RU
105 Кодированные данные (монография) __
a Кодированные данные (монография) y###||||000|y
200 Заглавие и сведения об ответственности 1_
a Заглавие Светлой памяти друга
e Сведения, относящиеся к заглавию поэту, барду, просто талантливому человеку Евгению Гранду (Белянину)
f Первые сведения об ответственности Александр Обручников
327 Примечание о содержании 1_
a Примечание о содержании Памяти Евгения Евтушенко
461 Уровень набора _0
1 001RU/УОНБ/EK/321635426
1 2001
a Гончаровская беседка
e лит.-публ. альманах
v Вып. 10
1 2101
a Ульяновск
c Вектор-С
d 2007 -
463 Уровень физической единицы _0
1 001RU/УОНБ/EK/580231560
1 2000
a Вып. 10
f ред. Л. Козлова
v С. 375-376.
600 Персоналии _1
a Персоналии (Фамилия) Белянин (Гранд), Евгений Григорьевич
610 Ключевые слова 0_
a Ключевые слова стихи
610 Ключевые слова 0_
a Ключевые слова посвящение
686 Индексы других классификаций __
a Классификационный индекс 84-5
2 Код системы rubbk
700 Автор _1
a Фамилия Обручников
b Имя (инициалы) А.
g Полное личное имя Александр
4 Код отношения 070
801 Источник записи _0
a Страна RU
b Организация Ульяновская ОНБ
c Дата составления 20191229
g Правила каталогизации RCR
801 Источник записи _1
a Страна RU
b Организация Ульяновская ОНБ
c Дата составления 20191229
g Правила каталогизации RCR
901 Тип документа __
t Тип документа c
w Контрольный № источника RU/УОНБ/EK/580231560
909 Создатель записи __
a Создатель записи Морозова Н.А.
938 Служебная информация __
a Имя БД kraeved_work
b Имя библиотеки УОНБ
c Имя АИБС МАРК-SQL
d Номер DOC_ID в БД 138950